[Event "SK Heidenau-Luxemburg"]
[Site "?"]
[Date "2008.02.11"]
[Round "1.1"]
[White "Wiemann, D."]
[Black "Feller, J."]
[Result "0-1"]
[WhiteElo "1481"]
[BlackElo "2195"]
[PlyCount "100"]
[EventDate "2008.??.??"]

1. e4 c5 2. Nf3 Nf6 3. e5 Nd5 4. a3 Nc6 5. Bc4 Nb6 6. Ba2 g6 7. O-O Bg7 8. Re1
O-O 9. Nc3 Qc7 10. Qe2 a6 11. Nd5 Nxd5 12. Bxd5 b5 13. c3 Bb7 14. Ba2 c4 15. b3
Na5 16. bxc4 bxc4 17. Nd4 Rab8 18. a4 Bd5 19. Ba3 Rfe8 20. Bb4 Nc6 21. Nxc6
Qxc6 22. f3 a5 23. Ba3 Qxa4 24. Bb1 Qc6 25. f4 d6 26. Be4 dxe5 27. fxe5 Rb7 28.
Bxd5 Qxd5 29. Qe4 Rd8 30. Rad1 e6 31. Qxd5 Rxd5 32. Re4 Rc7 33. Bd6 Rc8 34. Kf2
Bf8 35. Bxf8 Kxf8 36. Ke3 Rcc5 37. Ra1 Rxe5 38. Rxe5 Rxe5+ 39. Kd4 Re2 40. Ra2
Rxg2 41. Kxc4 Rxh2 42. Kc5 Ke7 43. c4 g5 44. Kb6 g4 45. c5 g3 46. Rxa5 g2 47.
Ra7+ Kf6 48. Ra1 Rh1 49. Rxh1 gxh1=Q 50. c6 Ke7 0-1

[Event "SK Heidenau-Luxemburg"]
[Site "?"]
[Date "2008.02.11"]
[Round "1.3"]
[White "Siegel, P."]
[Black "Rasmussen, L."]
[Result "0-1"]
[WhiteElo "1355"]
[BlackElo "2095"]
[PlyCount "62"]
[EventDate "2008.??.??"]

1. c4 f5 2. d4 Nf6 3. Nc3 e6 4. Nf3 d5 5. e3 c6 6. Be2 Bd6 7. O-O O-O 8. c5 Bc7
9. b4 a6 10. Bb2 Bd7 11. a4 Be8 12. Qb3 Nbd7 13. b5 h6 14. b6 Bb8 15. a5 Bf7
16. Qc2 Ne4 17. Nxe4 fxe4 18. Nd2 Qg5 19. Nb3 e5 20. Qd2 Bh5 21. Qd1 Bf3 22. g3
Qg4 23. Bxf3 exf3 24. Kh1 Rf5 25. Rg1 Nf6 26. dxe5 Ne4 27. Qf1 Rh5 28. Rd1 Rh3
29. Nd4 Bxe5 30. Nxf3 Qxf3+ 31. Qg2 Nxf2# 0-1

[Event "SK Heidenau-Luxemburg"]
[Site "?"]
[Date "2008.02.11"]
[Round "1.4"]
[White "Schammo, J."]
[Black "Weiß, H."]
[Result "1-0"]
[WhiteElo "2103"]
[BlackElo "1360"]
[PlyCount "69"]
[EventDate "2008.??.??"]

1. e4 d5 2. exd5 Qxd5 3. Nc3 Qa5 4. d4 c6 5. Nf3 e6 6. Bd3 Be7 7. O-O Nf6 8.
Re1 Bd6 9. Ne5 Bxe5 10. dxe5 Nd5 11. Ne4 O-O 12. Bd2 Qc7 13. Ng5 g6 14. Qe2 Na6
15. c3 Qe7 16. h4 f6 17. Nf3 Qg7 18. Rad1 Bd7 19. Bxa6 bxa6 20. Qxa6 f5 21. Qd3
Rad8 22. c4 Ne7 23. Ba5 Rb8 24. Qxd7 h6 25. Qxe6+ Kh7 26. Rd7 Rf7 27. Bc7 Re8
28. Bd6 g5 29. hxg5 Qg6 30. Qxg6+ Kxg6 31. gxh6 Kxh6 32. Rxa7 Rh7 33. Bxe7
Rexe7 34. Rxe7 Rxe7 35. Nd4 1-0